[Event "Alexandria Smouha op U17/19 2nd"]
[Site "Alexandria"]
[Date "2010.06.29"]
[Round "3"]
[White "Hesham, Abdelrahman"]
[Black "Shrief, Mostafa"]
[Result "1-0"]
[WhiteElo "2179"]
[BlackElo "1946"]
[PlyCount "90"]
[EventDate "2010.06.28"]
[EventType "swiss"]
[EventRounds "9"]
[EventCountry "EGY"]
[SourceTitle "EXT 2019"]
[Source "ChessBase"]
[SourceDate "2018.10.10"]
[SourceVersion "1"]
[SourceVersionDate "2018.10.10"]
[SourceQuality "1"]

1. d4 d5 2. c4 c6 3. Nf3 Nf6 4. Nc3 g6 5. g3 Bg7 6. Bg2 dxc4 7. 0-0 0-0 8. Ne5 Be6 9. e4 Nbd7 10. Qe2 Qc7 11. Nxc4 Bxc4 12. Qxc4 Nb6 13. Qe2 e6 14. Bf4 Qe7 15. a4 Qb4 16. a5 Nbd7 17. Ra4 Qe7 18. a6 b5 19. Raa1 b4 20. Na4 c5 21. dxc5 Nxc5 22. Nxc5 Qxc5 23. Rfc1 Qh5 24. Bf3 Qh3 25. Bd6 Rfc8 26. Bxb4 e5 27. Bc3 Qe6 28. Ra5 Qb3 29. Rxe5 Nd7 30. Rb5 Qa4 31. e5 Rab8 32. Bb7 Rc4 33. Rd5 Nc5 34. Rcd1 Ne6 35. Ra5 Qb3 36. Bd5 Rd8 37. Rd2 Rxd5 38. Raxd5 Rc5 39. Rxc5 Nxc5 40. Rd8+ Bf8 41. e6 Nxe6 42. Rc8 Qd5 43. h4 Qd7 44. Ra8 Qc6 45. Qe5 Qd5 1-0